[Event "Nepomuk 3rd"]
[Site "Nepomuk"]
[Date "2023.09.09"]
[Round "9"]
[White "Flajsman, Pavel"]
[Black "Kopriva, Martin"]
[Result "1-0"]
[WhiteElo "2187"]
[BlackElo "2129"]
[PlyCount "47"]
[EventDate "2023.08.31"]
[EventType "tourn"]
[EventRounds "9"]
[EventCountry "CZE"]
[SourceTitle "EXT 2024"]
[Source "ChessBase"]
[SourceDate "2023.10.10"]
[SourceVersion "1"]
[SourceVersionDate "2023.10.10"]
[SourceQuality "1"]

1. d4 Nf6 2. Nf3 g6 3. Nbd2 Bg7 4. e4 0-0 5. e5 Ne8 6. h4 d6 7. h5 c5 8. hxg6 hxg6 9. c3 cxd4 10. cxd4 dxe5 11. dxe5 Qa5 12. b4 Qxb4 13. Rb1 Qa5 14. Rb5 Qc7 15. Bb2 Bg4 16. Qa4 Qd7 17. Qf4 Nc7 18. Rxb7 Bxf3 19. gxf3 Qc6 20. Qh4 Rd8 21. Rxc7 Qd5 22. Rc2 Bxe5 23. Qh8+ Bxh8 24. Rxh8# 1-0

[Event "Nepomuk 3rd"]
[Site "Nepomuk"]
[Date "2023.09.05"]
[Round "5"]
[White "Flajsman, Pavel"]
[Black "Brejnik, Gustav"]
[Result "1-0"]
[WhiteElo "2187"]
[BlackElo "2224"]
[PlyCount "97"]
[EventDate "2023.08.31"]
[EventType "tourn"]
[EventRounds "9"]
[EventCountry "CZE"]
[SourceTitle "EXT 2024"]
[Source "ChessBase"]
[SourceDate "2023.10.10"]
[SourceVersion "1"]
[SourceVersionDate "2023.10.10"]
[SourceQuality "1"]

1. Nf3 d5 2. g3 c5 3. Bg2 Nc6 4. d4 e6 5. 0-0 cxd4 6. Nxd4 Bc5 7. Nxc6 bxc6 8. c4 Ne7 9. Qc2 Bb6 10. Rd1 0-0 11. b3 h5 12. Bb2 h4 13. e4 Bb7 14. c5 Bc7 15. e5 hxg3 16. hxg3 Nf5 17. Nd2 Qg5 18. Nf3 Qg6 19. Qe2 a5 20. Nd4 Ba6 21. Qe1 Nxd4 22. Bxd4 Bd3 23. Qc3 Bf5 24. Bf1 Qh5 25. f3 f6 26. g4 Qg5 27. Bg2 Bg6 28. Re1 Rae8 29. Rad1 Qf4 30. Qe3 Qg3 31. Qf2 Qf4 32. Qe3 fxe5 33. Bxe5 Bxe5 34. Qxe5 Qxe5 35. Rxe5 Rf4 36. Kf2 Kf7 37. Ke3 Rb4 38. Rd4 Rb5 39. Rf4+ Ke7 40. Rg5 Bf7 41. Rxg7 Rf8 42. g5 d4+ 43. Kd2 Ke8 44. g6 Bg8 45. Rxd4 Rxc5 46. f4 e5 47. Rdd7 Rxf4 48. Rge7+ Kf8 49. g7# 1-0

[Event "Jesenik op-A"]
[Site "Jesenik"]
[Date "2023.08.26"]
[Round "8"]
[White "Flajsman, Pavel"]
[Black "Rozumek, Vlastimil"]
[Result "1-0"]
[WhiteElo "2187"]
[BlackElo "1906"]
[PlyCount "73"]
[EventDate "2023.08.19"]
[EventType "swiss"]
[EventRounds "9"]
[EventCountry "CZE"]
[SourceTitle "EXT 2024"]
[Source "ChessBase"]
[SourceDate "2023.10.10"]
[SourceVersion "1"]
[SourceVersionDate "2023.10.10"]
[SourceQuality "1"]

1. Nf3 Nf6 2. c4 e6 3. d4 Bb4+ 4. Bd2 Qe7 5. g3 0-0 6. Bg2 Nc6 7. 0-0 Bxd2 8. Qxd2 d6 9. Nc3 e5 10. Nd5 Qd8 11. Nxf6+ Qxf6 12. d5 Nb8 13. b4 a5 14. a3 axb4 15. axb4 Rxa1 16. Rxa1 Na6 17. Rc1 Qg6 18. Qc3 f5 19. c5 f4 20. cxd6 cxd6 21. b5 Nc5 22. Nxe5 Qf5 23. Nf3 fxg3 24. hxg3 Bd7 25. Qc4 g5 26. Rf1 Re8 27. Nd4 Qe5 28. Rd1 g4 29. Ne6 Nxe6 30. dxe6 Bxb5 31. Qxg4+ Kh8 32. Rd5 Qa1+ 33. Kh2 Bc6 34. Rxd6 Bxg2 35. Kxg2 Qe5 36. Qf4 Rxe6 37. Qf8# 1-0

[Event "Klatovy op-A 29th"]
[Site "Klatovy"]
[Date "2023.07.06"]
[Round "6"]
[White "Flajsman, Pavel"]
[Black "Soural, Jan"]
[Result "0-1"]
[WhiteElo "2192"]
[BlackElo "2176"]
[PlyCount "86"]
[EventDate "2023.07.01"]
[EventType "swiss"]
[EventRounds "9"]
[EventCountry "CZE"]
[SourceTitle "CBM 215 Extra"]
[Source "ChessBase"]
[SourceDate "2023.09.30"]
[SourceVersion "1"]
[SourceVersionDate "2023.09.30"]
[SourceQuality "1"]

1. d4 Nf6 2. c4 g6 3. Nc3 d5 4. cxd5 Nxd5 5. e4 Nxc3 6. bxc3 Bg7 7. Qa4+ Nd7 8. Nf3 0-0 9. Be2 c5 10. Qa3 e6 11. 0-0 b6 12. e5 Bb7 13. Bg5 Qc7 14. Rac1 h6 15. Be3 a6 16. Qb2 c4 17. h4 b5 18. Qd2 Kh7 19. Bf4 Nb6 20. Nh2 Nd5 21. Bg3 Qe7 22. Bf3 Rfc8 23. h5 a5 24. Be4 b4 25. Qc2 Nxc3 26. hxg6+ Kh8 27. Bxb7 Qxb7 28. Rfe1 Nxa2 29. Qxa2 c3 30. Bf4 b3 31. Qb1 c2 32. Qb2 a4 33. Re3 fxg6 34. Rh3 Rab8 35. Ra1 Qb4 36. Bc1 Bf8 37. Rxh6+ Bxh6 38. Bxh6 a3 39. Rxa3 c1Q+ 40. Bxc1 Qe1+ 41. Nf1 Qxc1 42. Qe2 Qxa3 43. Qf3 Qe7 0-1

[Event "Klatovy op-A 29th"]
[Site "Klatovy"]
[Date "2023.07.04"]
[Round "4"]
[White "Jordanov, Mihail"]
[Black "Flajsman, Pavel"]
[Result "1/2-1/2"]
[WhiteElo "2140"]
[BlackElo "2192"]
[PlyCount "64"]
[EventDate "2023.07.01"]
[EventType "swiss"]
[EventRounds "9"]
[EventCountry "CZE"]
[SourceTitle "CBM 215 Extra"]
[Source "ChessBase"]
[SourceDate "2023.09.30"]
[SourceVersion "1"]
[SourceVersionDate "2023.09.30"]
[SourceQuality "1"]

1. e4 e5 2. Nf3 Nc6 3. Bb5 a6 4. Ba4 Nf6 5. d3 Bc5 6. Bxc6 dxc6 7. Nbd2 Qe7 8. Nc4 Nd7 9. 0-0 0-0 10. Ne3 Bxe3 11. Bxe3 c5 12. Qd2 Re8 13. Qc3 a5 14. a3 a4 15. Nd2 b6 16. b4 axb3 17. cxb3 Nf6 18. b4 cxb4 19. axb4 Ba6 20. Qb3 Qd7 21. Nc4 h6 22. h3 Bxc4 23. Qxc4 Rxa1 24. Rxa1 Re6 25. Rc1 Ne8 26. f4 Rd6 27. Rc3 exf4 28. Bxf4 Rd4 29. Qb3 Qb5 30. Rc4 Qd7 31. Rc3 Qb5 32. Rc4 Qd7 1/2-1/2

[Event "Klatovy op-A 29th"]
[Site "Klatovy"]
[Date "2023.07.02"]
[Round "2"]
[White "Flajsman, Pavel"]
[Black "Kucera, Petr2222"]
[Result "1-0"]
[WhiteElo "2192"]
[BlackElo "1935"]
[PlyCount "83"]
[EventDate "2023.07.01"]
[EventType "swiss"]
[EventRounds "9"]
[EventCountry "CZE"]
[SourceTitle "CBM 215 Extra"]
[Source "ChessBase"]
[SourceDate "2023.09.30"]
[SourceVersion "1"]
[SourceVersionDate "2023.09.30"]
[SourceQuality "1"]

1. Nf3 Nf6 2. c4 e6 3. g3 b6 4. Bg2 Bb7 5. 0-0 h5 6. h4 Ng4 7. d4 Be7 8. d5 e5 9. Qc2 d6 10. Nc3 Nd7 11. Bg5 Ndf6 12. b4 a5 13. a3 Nh7 14. Ne4 f5 15. Bxe7 Qxe7 16. Neg5 e4 17. Qa4+ Kd8 18. Ne6+ Kc8 19. Nfd4 axb4 20. Qxb4 Qf6 21. Nb5 g5 22. Nbxc7 gxh4 23. Nxa8 Bxa8 24. Qxd6 Qe5 25. Qxe5 Nxe5 26. Rac1 Kd7 27. Nd4 Rf8 28. Bh3 Kd6 29. c5+ bxc5 30. Nxf5+ Kxd5 31. Rfd1+ Kc6 32. Nd4+ Kb6 33. Rb1+ Ka6 34. Ne6 Rg8 35. Nxc5+ Ka7 36. Rd6 Bc6 37. Rxc6 Nxc6 38. Rb7+ Ka8 39. Rxh7 hxg3 40. Bg2 gxf2+ 41. Kxf2 e3+ 42. Kf1 1-0

[Event "Klatovy op-A 29th"]
[Site "Klatovy"]
[Date "2023.07.01"]
[Round "1"]
[White "Kishore, Kumar Jaganathan"]
[Black "Flajsman, Pavel"]
[Result "1/2-1/2"]
[WhiteElo "1931"]
[BlackElo "2192"]
[PlyCount "117"]
[EventDate "2023.07.01"]
[EventType "swiss"]
[EventRounds "9"]
[EventCountry "CZE"]
[SourceTitle "CBM 215 Extra"]
[Source "ChessBase"]
[SourceDate "2023.09.30"]
[SourceVersion "1"]
[SourceVersionDate "2023.09.30"]
[SourceQuality "1"]

1. d4 Nf6 2. c4 e6 3. g3 d5 4. Nf3 dxc4 5. Bg2 Bb4+ 6. Bd2 a5 7. Qc2 Bxd2+ 8. Qxd2 c6 9. a4 b5 10. axb5 cxb5 11. Qg5 0-0 12. Qxb5 Ba6 13. Qxa5 Bb7 14. Qxd8 Rxa1 15. Qxf8+ Kxf8 16. 0-0 Ra2 17. Rc1 Rxb2 18. Na3 Bd5 19. Nxc4 Rxe2 20. Ncd2 Bxf3 21. Nxf3 Nbd7 22. Ne5 Nxe5 23. Rc8+ Ke7 24. Kf1 Rd2 25. dxe5 Ng4 26. Rc7+ Rd7 27. Rxd7+ Kxd7 28. f4 Nxh2+ 29. Ke2 Ng4 30. Bf3 Nh6 31. g4 Kc7 32. Kd3 Kb6 33. Kd4 f5 34. g5 Nf7 35. Bh5 g6 36. Bd1 Kc7 37. Ba4 Kd8 38. Bc6 h6 39. gxh6 Nxh6 40. Bf3 Kc7 41. Be2 Nf7 42. Bd1 Kd7 43. Be2 Nd8 44. Bb5+ Ke7 45. Kc5 Nf7 46. Kd4 Nh6 47. Be2 Nf7 48. Bb5 g5 49. fxg5 Nxg5 50. Ke3 Nf7 51. Kf4 Nh8 52. Kg5 Nf7+ 53. Kf4 Nh6 54. Bd3 Kf7 55. Kg5 Kg7 56. Bc4 Nf7+ 57. Kf4 Nd8 58. Bxe6 Nxe6+ 59. Kxf5 1/2-1/2

[Event "Plzen IM 11th"]
[Site "Plzen"]
[Date "2023.03.06"]
[Round "3"]
[White "Flajsman, Pavel"]
[Black "Levitan, Caleb Levi"]
[Result "0-1"]
[WhiteElo "2249"]
[BlackElo "2007"]
[PlyCount "72"]
[EventDate "2023.03.04"]
[EventType "tourn"]
[EventRounds "9"]
[EventCountry "CZE"]
[EventCategory "1"]
[SourceTitle "CBM 213 Extra"]
[Source "ChessBase"]
[SourceDate "2023.05.31"]
[SourceVersion "1"]
[SourceVersionDate "2023.05.31"]
[SourceQuality "1"]

1. e4 c5 2. Nf3 e6 3. c3 Nf6 4. e5 Nd5 5. d4 cxd4 6. cxd4 d6 7. Bc4 Nb6 8. Bd3 Nc6 9. 0-0 Be7 10. Qe2 0-0 11. Qe4 g6 12. Bh6 Re8 13. Nc3 Bd7 14. a3 Nd5 15. h4 f5 16. exf6 Nxf6 17. Qe2 d5 18. Qc2 Ng4 19. Bf4 Rf8 20. Ne2 Rc8 21. Qb1 Nf6 22. Bh6 Ng4 23. Bxf8 Qxf8 24. Ng3 Qf6 25. h5 Nxd4 26. Nxd4 Qxd4 27. hxg6 Bd6 28. gxh7+ Kh8 29. Qd1 Bxg3 30. Qf3 Bd6 31. g3 Rf8 32. Qe2 Bxg3 33. Kg2 Bxf2 34. Rae1 Qf4 35. Rh1 Qg3+ 36. Kf1 Nh2+ 0-1

[Event "CZE-chT2A 2223"]
[Site "Czech Republic"]
[Date "2022.10.16"]
[Round "1.3"]
[White "Lnenickova, Gabriela"]
[Black "Flajsman, Pavel"]
[Result "0-1"]
[WhiteElo "2146"]
[BlackElo "2221"]
[PlyCount "46"]
[EventDate "2022.10.16"]
[EventType "team-tourn"]
[EventRounds "11"]
[EventCountry "CZE"]
[SourceTitle "EXT 2024"]
[Source "ChessBase"]
[SourceDate "2023.10.10"]
[SourceVersion "1"]
[SourceVersionDate "2023.10.10"]
[SourceQuality "1"]
[WhiteTeam "Praha Dukla"]
[BlackTeam "Klatovy"]
[WhiteTeamCountry "CZE"]
[BlackTeamCountry "CZE"]

1. e4 e5 2. Nf3 Nc6 3. Bb5 a6 4. Ba4 Nf6 5. 0-0 Nxe4 6. d4 b5 7. Bb3 d5 8. dxe5 Be6 9. Be3 Be7 10. c3 0-0 11. Nbd2 Bg4 12. Bf4 Nc5 13. Bc2 d4 14. h3 Bh5 15. Bf5 dxc3 16. bxc3 Nd3 17. Be4 Nxf4 18. Bxc6 Rb8 19. Qb3 Qd3 20. c4 Qg6 21. Nd4 bxc4 22. Qxc4 Rb4 23. Qc3 Rxd4 0-1

[Event "Nepomuk-A"]
[Site "Nepomuk"]
[Date "2022.09.09"]
[Round "9"]
[White "Flajsman, Pavel"]
[Black "Xylogiannopoulos, Antonios"]
[Result "1/2-1/2"]
[WhiteElo "2171"]
[BlackElo "2234"]
[PlyCount "30"]
[EventDate "2022.09.01"]
[EventType "tourn"]
[EventRounds "9"]
[EventCountry "CZE"]
[SourceTitle "CBM 210 Extra"]
[Source "ChessBase"]
[SourceDate "2022.11.30"]
[SourceVersion "1"]
[SourceVersionDate "2022.11.30"]
[SourceQuality "1"]

1. Nf3 d5 2. g3 g6 3. Bg2 Bg7 4. d4 c6 5. 0-0 Nf6 6. c4 dxc4 7. Ne5 Ng4 8. Nxg4 Bxg4 9. Be3 Be6 10. Na3 Bd5 11. f3 b5 12. Qc1 0-0 13. Bf2 e5 14. e4 Be6 15. dxe5 Bxe5 1/2-1/2

[Event "Nepomuk-A"]
[Site "Nepomuk"]
[Date "2022.09.05"]
[Round "5"]
[White "Brejnik, Gustav"]
[Black "Flajsman, Pavel"]
[Result "0-1"]
[WhiteElo "2295"]
[BlackElo "2171"]
[PlyCount "98"]
[EventDate "2022.09.01"]
[EventType "tourn"]
[EventRounds "9"]
[EventCountry "CZE"]
[SourceTitle "CBM 210 Extra"]
[Source "ChessBase"]
[SourceDate "2022.11.30"]
[SourceVersion "1"]
[SourceVersionDate "2022.11.30"]
[SourceQuality "1"]

1. d4 d5 2. c4 e6 3. Nf3 Nf6 4. g3 Bb4+ 5. Bd2 Be7 6. Bg2 0-0 7. 0-0 c6 8. Qc2 Nbd7 9. Rd1 b6 10. Bf4 Ba6 11. b3 Rc8 12. Nbd2 c5 13. e3 b5 14. dxc5 Bxc5 15. Ne5 Nxe5 16. Bxe5 Ng4 17. Qb2 Qb6 18. b4 Bxe3 19. c5 Bxf2+ 20. Kh1 Bxc5 21. bxc5 Nf2+ 22. Kg1 Qxc5 23. Nb3 Nxd1+ 24. Nxc5 Nxb2 25. Nxa6 Nd3 26. Bd4 Rc4 27. Be3 d4 28. Bf1 dxe3 29. Bxd3 Rd4 30. Bxb5 Rc8 31. a4 h5 32. Re1 Rc3 33. Nb8 Rd6 34. Kg2 Rd2+ 35. Kf3 Rxh2 36. Rxe3 Rcc2 37. Kf4 h4 38. gxh4 Rxh4+ 39. Ke5 Rh5+ 40. Ke4 Rh4+ 41. Ke5 Rd2 42. Bc6 Rb4 43. Na6 f6+ 44. Kxe6 Rb6 45. Nb4 Rxb4 46. Ke7 Rdd4 47. a5 Ra4 48. Bd7 Rxd7+ 49. Kxd7 Rxa5 0-1

[Event "Nepomuk-A"]
[Site "Nepomuk"]
[Date "2022.09.02"]
[Round "2"]
[White "Flajsman, Pavel"]
[Black "Jurek, Josef"]
[Result "1/2-1/2"]
[WhiteElo "2171"]
[BlackElo "2212"]
[PlyCount "67"]
[EventDate "2022.09.01"]
[EventType "tourn"]
[EventRounds "9"]
[EventCountry "CZE"]
[SourceTitle "CBM 210 Extra"]
[Source "ChessBase"]
[SourceDate "2022.11.30"]
[SourceVersion "1"]
[SourceVersionDate "2022.11.30"]
[SourceQuality "1"]

1. d4 Nf6 2. c4 e6 3. Nf3 d5 4. g3 Be7 5. Bg2 0-0 6. 0-0 c6 7. Nc3 Nbd7 8. Qd3 b6 9. cxd5 cxd5 10. Bf4 a6 11. Rac1 Bb7 12. Rc2 Nh5 13. Rfc1 Nxf4 14. gxf4 Bd6 15. e3 b5 16. Ne2 Qe7 17. Ng3 g6 18. h4 Rfc8 19. h5 Rxc2 20. Rxc2 Qd8 21. hxg6 hxg6 22. Ne5 Nxe5 23. dxe5 Be7 24. e4 Rc8 25. Rxc8 Qxc8 26. exd5 Qc1+ 27. Nf1 Bxd5 28. Bxd5 exd5 29. Qxd5 Qxf4 30. Ng3 Qc1+ 31. Kg2 Qc5 32. Qe4 Kg7 33. Ne2 Qb4 34. Qxb4 1/2-1/2

[Event "Klatovy op 28th"]
[Site "Klatovy"]
[Date "2022.07.08"]
[Round "7"]
[White "Jurek, Josef"]
[Black "Flajsman, Pavel"]
[Result "1-0"]
[WhiteElo "2200"]
[BlackElo "2177"]
[PlyCount "93"]
[EventDate "2022.07.02"]
[EventType "swiss"]
[EventRounds "9"]
[EventCountry "CZE"]
[SourceTitle "EXT 2023"]
[Source "ChessBase"]
[SourceDate "2022.10.05"]
[SourceVersion "1"]
[SourceVersionDate "2022.10.05"]
[SourceQuality "1"]

1. d4 d5 2. c4 c6 3. Nf3 Nf6 4. Nc3 e6 5. e3 Nbd7 6. Qc2 Bd6 7. Bd3 0-0 8. 0-0 dxc4 9. Bxc4 Qc7 10. h3 a6 11. Bd3 c5 12. Ne4 Nxe4 13. Bxe4 Nf6 14. Bd3 cxd4 15. Qxc7 Bxc7 16. Nxd4 e5 17. Nb3 Rd8 18. Be2 Be6 19. Nc5 Bd5 20. Rd1 Bd6 21. Na4 Bc6 22. Nb6 Rab8 23. Bd2 Bc7 24. Ba5 Rxd1+ 25. Rxd1 Rd8 26. Rxd8+ Bxd8 27. Kf1 e4 28. Nc4 Bxa5 29. Nxa5 Bd5 30. Bc4 b6 31. Bxd5 Nxd5 32. Nc4 f5 33. Nd6 g6 34. g4 f4 35. Ke2 fxe3 36. fxe3 Nf6 37. g5 Nd7 38. Nxe4 Kf7 39. Nd2 Ke6 40. e4 Ke5 41. Ke3 Kd6 42. Kd4 Nc5 43. Nc4+ Kc6 44. h4 Nd7 45. Ne5+ Kd6 46. Nxd7 Kxd7 47. Kd5 1-0

[Event "Klatovy op 28th"]
[Site "Klatovy"]
[Date "2022.07.06"]
[Round "5"]
[White "Slovak, Kilian"]
[Black "Flajsman, Pavel"]
[Result "1-0"]
[WhiteElo "2321"]
[BlackElo "2177"]
[PlyCount "181"]
[EventDate "2022.07.02"]
[EventType "swiss"]
[EventRounds "9"]
[EventCountry "CZE"]
[SourceTitle "EXT 2023"]
[Source "ChessBase"]
[SourceDate "2022.10.05"]
[SourceVersion "1"]
[SourceVersionDate "2022.10.05"]
[SourceQuality "1"]

1. e4 e5 2. Nf3 Nc6 3. Bb5 Nf6 4. 0-0 Nxe4 5. Re1 Nd6 6. Nxe5 Be7 7. Bf1 Nxe5 8. Rxe5 0-0 9. Nc3 Bf6 10. Re1 Re8 11. Nd5 Rxe1 12. Nxf6+ Qxf6 13. Qxe1 b6 14. c3 Bb7 15. f3 Re8 16. Qf2 Nf5 17. d4 d6 18. Bd2 g6 19. Re1 Rxe1 20. Qxe1 Qe6 21. Qxe6 fxe6 22. Kf2 Kf7 23. Bg5 Ne7 24. Kg3 h6 25. Bd2 Kf6 26. Kf2 Ng8 27. Bd3 Bc6 28. h4 Be8 29. g4 g5 30. hxg5+ hxg5 31. f4 gxf4 32. Bxf4 Bg6 33. Bc4 Ne7 34. Bg3 Bb1 35. Bh4+ Kf7 36. a3 Bc2 37. Kg3 Ng6 38. Bd8 c6 39. Bg5 Be4 40. Bb3 b5 41. Kf2 a6 42. c4 Bd3 43. cxb5 cxb5 44. Ke3 Bb1 45. a4 Nf8 46. Bd1 bxa4 47. Bxa4 Ba2 48. Bf4 Ke7 49. Bc2 Bc4 50. g5 Bb5 51. b4 Be8 52. Bd3 Bb5 53. Be4 d5 54. Bc2 Kf7 55. Kf3 Ng6 56. Kg4 Be2+ 57. Kg3 Bb5 58. Bd6 Be2 59. Kf2 Bb5 60. Bd1 Bd3 61. Ke3 Bc4 62. Be5 Bb5 63. Bf6 Bc4 64. Kf3 Nf8 65. Kf4 Ng6+ 66. Kg4 Bd3 67. Bf3 Kg8 68. Kg3 Kf7 69. Bd1 Bc4 70. Kg4 Bd3 71. Kh5 Nf4+ 72. Kh6 Bg6 73. Be5 Nd3 74. Bd6 Nf2 75. Bh5 Bxh5 76. Kxh5 Ne4 77. Be5 Nf2 78. Kh6 Kg8 79. Kg6 Ne4 80. Bf4 Kf8 81. Kh7 Ke7 82. g6 Nf6+ 83. Kh8 Kf8 84. Bd6+ Ke8 85. Be5 Nh5 86. g7 Nxg7 87. Kxg7 Ke7 88. Kg6 Kd7 89. Kf6 Kc6 90. Kxe6 Kb5 91. Kxd5 1-0

[Event "Klatovy op 28th"]
[Site "Klatovy"]
[Date "2022.07.02"]
[Round "1"]
[White "Mametev, Artem"]
[Black "Flajsman, Pavel"]
[Result "0-1"]
[WhiteElo "1888"]
[BlackElo "2177"]
[PlyCount "47"]
[EventDate "2022.07.02"]
[EventType "swiss"]
[EventRounds "9"]
[EventCountry "CZE"]
[SourceTitle "EXT 2023"]
[Source "ChessBase"]
[SourceDate "2022.10.05"]
[SourceVersion "1"]
[SourceVersionDate "2022.10.05"]
[SourceQuality "1"]

1. e4 e5 2. Nf3 Nc6 3. Bb5 a6 4. Ba4 Nge7 5. 0-0 g6 6. c3 Bg7 7. d4 exd4 8. cxd4 b5 9. Bc2 0-0 10. Re1 d6 11. h3 h6 12. Nc3 Rb8 13. Ne2 Na5 14. Bf4 Nc4 15. Qc1 Kh7 16. b3 Nb6 17. Qd2 f5 18. Ng3 fxe4 19. Rxe4 Nf5 20. Rae1 Nd5 21. Nf1 Nxf4 22. Rxf4 c5 23. g4 Nxd4 24. Bxg6+ 0-1

[Event "Plzen op"]
[Site "Plzen"]
[Date "2021.08.28"]
[Round "8"]
[White "Zahorbensky, Jaroslav"]
[Black "Flajsman, Pavel"]
[Result "1/2-1/2"]
[WhiteElo "2086"]
[BlackElo "2179"]
[PlyCount "88"]
[EventDate "2021.08.23"]
[EventType "swiss"]
[EventRounds "9"]
[EventCountry "CZE"]
[SourceTitle "CBM 204 Extra"]
[Source "ChessBase"]
[SourceDate "2021.11.30"]
[SourceVersion "1"]
[SourceVersionDate "2021.11.30"]
[SourceQuality "1"]

1. e4 c5 2. Nf3 Nf6 3. e5 Nd5 4. b3 Nc6 5. Bb2 d6 6. Bb5 Bd7 7. exd6 exd6 8. 0-0 Nc7 9. Re1+ Be6 10. Bxc6+ bxc6 11. d4 cxd4 12. Nxd4 Qd7 13. c4 Be7 14. Nxe6 Nxe6 15. Qg4 h5 16. Qf5 Kf8 17. Nd2 Re8 18. Rad1 Nc5 19. Qxd7 Nxd7 20. Ne4 Rh6 21. Nxd6 Bxd6 22. Bxg7+ Kxg7 23. Rxe8 Nf8 24. Ra8 Bc5 25. Kf1 Rf6 26. f3 h4 27. h3 Ng6 28. a3 Bxa3 29. Rxa7 Bb4 30. Rdd7 Nf4 31. Rdb7 c5 32. Re7 Kg6 33. Re4 Bc3 34. Ra8 Kg7 35. Rc8 Bb4 36. Ra8 Bc3 37. Rc8 Bb4 38. Ra8 Ng6 39. Ke2 Nf4+ 40. Kf2 Bc3 41. Kf1 Bd2 42. Rd8 Ba5 43. Ra8 Bc3 44. Rc8 Bb4 1/2-1/2

[Event "Plzen op"]
[Site "Plzen"]
[Date "2021.08.26"]
[Round "6"]
[White "Flajsman, Pavel"]
[Black "Kubat, Miroslav"]
[Result "1-0"]
[WhiteElo "2179"]
[BlackElo "2012"]
[PlyCount "139"]
[EventDate "2021.08.23"]
[EventType "swiss"]
[EventRounds "9"]
[EventCountry "CZE"]
[SourceTitle "CBM 204 Extra"]
[Source "ChessBase"]
[SourceDate "2021.11.30"]
[SourceVersion "1"]
[SourceVersionDate "2021.11.30"]
[SourceQuality "1"]

1. d4 f5 2. c4 Nf6 3. g3 g6 4. Bg2 Bg7 5. Nf3 d6 6. 0-0 0-0 7. Nc3 c6 8. b3 Qc7 9. Qc2 Na6 10. a3 e5 11. dxe5 dxe5 12. e4 fxe4 13. Ng5 Bf5 14. Ngxe4 Nxe4 15. Nxe4 Nc5 16. Be3 Ne6 17. c5 Rad8 18. Qc4 Kh8 19. Nd6 Nd4 20. Bxd4 exd4 21. Rad1 Be5 22. f4 Bg7 23. Rfe1 b5 24. Qc1 Rxd6 25. cxd6 Qxd6 26. Qxc6 Qxc6 27. Bxc6 Bc2 28. Rd2 d3 29. Rc1 Bb2 30. Rcxc2 dxc2 31. Rxc2 Bxa3 32. Bxb5 Rf7 33. Kg2 Kg7 34. h4 Bb4 35. Kf3 Rb7 36. Bc4 Rd7 37. Re2 Re7 38. Ra2 a5 39. Bd5 Rc7 40. Bc4 Re7 41. h5 gxh5 42. Rh2 Rc7 43. Rxh5 a4 44. Bd3 Rc3 45. Rxh7+ Kg8 46. Ke2 axb3 47. Rb7 Ba5 48. Rxb3 Rxb3 49. Bc4+ Kg7 50. Bxb3 Kf6 51. Kf3 Bd2 52. g4 Bc1 53. g5+ Kg6 54. Kg4 Kg7 55. Bc2 Bd2 56. Bd3 Bc1 57. f5 Bb2 58. Kf3 Bc3 59. Kg4 Bb2 60. Bb5 Bc3 61. Be8 Bb2 62. Bh5 Bc3 63. Kf3 Bb2 64. Ke4 Bc1 65. f6+ Kf8 66. Kf5 Bd2 67. Bd1 Bc1 68. Bb3 Bd2 69. g6 Bh6 70. Bc4 1-0

[Event "Prague Golden op"]
[Site "Prague"]
[Date "2021.07.10"]
[Round "1"]
[White "Flajsman, Pavel"]
[Black "Plasek, Zdenek"]
[Result "1-0"]
[WhiteElo "2184"]
[BlackElo "1957"]
[PlyCount "85"]
[EventDate "2021.07.10"]
[EventType "swiss"]
[EventRounds "9"]
[EventCountry "CZE"]
[SourceTitle "CBM 203 Extra"]
[Source "ChessBase"]
[SourceDate "2021.09.30"]
[SourceVersion "1"]
[SourceVersionDate "2021.09.30"]
[SourceQuality "1"]

1. d4 Nf6 2. c4 e6 3. g3 Bb4+ 4. Bd2 Be7 5. Bg2 d5 6. Nf3 0-0 7. 0-0 c6 8. b3 Nbd7 9. Nc3 b6 10. Qc2 Bb7 11. e4 dxe4 12. Nxe4 Nxe4 13. Qxe4 Nf6 14. Qc2 c5 15. dxc5 bxc5 16. Rfe1 Qb6 17. Bc3 h6 18. h3 Rfd8 19. g4 Nd7 20. h4 Bxf3 21. Bxf3 Rac8 22. Qb2 Bf6 23. Rad1 Bxc3 24. Qxc3 Nf8 25. g5 hxg5 26. hxg5 Rd4 27. Rxd4 cxd4 28. Qd2 Qc5 29. Be4 Qd6 30. f4 Rc7 31. Rd1 g6 32. Kg2 e5 33. Kf3 Ne6 34. f5 gxf5 35. Bxf5 Nf4 36. Re1 Kg7 37. Qh2 d3 38. Qh7+ Kf8 39. Qh8+ Ke7 40. Rxe5+ Ne6 41. Qf6+ Kd7 42. Qxf7+ Kc8 43. Qxe6+ 1-0

[Event "Ceske Budejovice op"]
[Site "Ceske Budejovice"]
[Date "2021.07.08"]
[Round "8"]
[White "Flajsman, Pavel"]
[Black "Sieber, Fiona"]
[Result "1-0"]
[WhiteElo "2184"]
[BlackElo "2261"]
[PlyCount "87"]
[EventDate "2021.07.01"]
[EventType "swiss"]
[EventRounds "9"]
[EventCountry "CZE"]
[SourceTitle "CBM 203 Extra"]
[Source "ChessBase"]
[SourceDate "2021.09.30"]
[SourceVersion "1"]
[SourceVersionDate "2021.09.30"]
[SourceQuality "1"]

1. d4 Nf6 2. c4 b6 3. Nc3 Bb7 4. Nf3 e6 5. g3 Bb4 6. Bd2 0-0 7. Bg2 d5 8. Ne5 Nbd7 9. 0-0 Be7 10. Qa4 Nxe5 11. dxe5 Nd7 12. cxd5 Nc5 13. Qg4 exd5 14. Bh6 Ne6 15. Nxd5 Bxd5 16. Rfd1 Bxg2 17. Rxd8 Raxd8 18. Kxg2 Rd4 19. e4 Bc5 20. Be3 Rb4 21. Bxc5 Nxc5 22. b3 Rxe4 23. f4 Nd3 24. Qd7 Re2+ 25. Kf3 Rf2+ 26. Ke3 Nc5 27. Qxc7 Rxh2 28. Qxa7 f5 29. Qxb6 Ne4 30. Qe6+ Kh8 31. Rc1 Nxg3 32. Rc8 Nf1+ 33. Kf3 Nd2+ 34. Ke3 Nf1+ 35. Kd3 Rd2+ 36. Kc3 Rdd8 37. Rxd8 Rxd8 38. Qxf5 Ng3 39. Qg4 Ne4+ 40. Kb2 Nf2 41. Qh4 Rd2+ 42. Kc1 Ne4 43. Qe1 Rd4 44. Qe3 1-0

[Event "Ceske Budejovice op"]
[Site "Ceske Budejovice"]
[Date "2021.07.06"]
[Round "6"]
[White "Flajsman, Pavel"]
[Black "Jirousek, Jan"]
[Result "1-0"]
[WhiteElo "2184"]
[BlackElo "1985"]
[PlyCount "95"]
[EventDate "2021.07.01"]
[EventType "swiss"]
[EventRounds "9"]
[EventCountry "CZE"]
[SourceTitle "CBM 203 Extra"]
[Source "ChessBase"]
[SourceDate "2021.09.30"]
[SourceVersion "1"]
[SourceVersionDate "2021.09.30"]
[SourceQuality "1"]

1. e4 c6 2. d4 d5 3. Nd2 dxe4 4. Nxe4 Nf6 5. Nxf6+ exf6 6. c3 Bd6 7. Bd3 0-0 8. Qc2 Re8+ 9. Ne2 h5 10. h3 Nd7 11. 0-0 Nf8 12. Be3 Qc7 13. c4 Ne6 14. Rfe1 Bd7 15. Qd2 b6 16. b4 g6 17. Rac1 Ng7 18. c5 bxc5 19. dxc5 Bf8 20. Bd4 Nf5 21. Bxf6 Bh6 22. Bg5 Nh4 23. Bxh6 Bxh3 24. Qf4 Qxf4 25. Nxf4 Rxe1+ 26. Rxe1 Bxg2 27. Re7 Rd8 28. Bg5 Nf3+ 29. Kxg2 Nxg5 30. Be2 Rd4 31. Nd3 h4 32. f3 Rc4 33. a3 Rc2 34. Re3 Ne6 35. f4 Nd4 36. Kf1 h3 37. Bf3 Kf8 38. Ne1 Rc1 39. Bh1 Nc2 40. Re2 Nd4 41. Rd2 Ne6 42. f5 Nf4 43. f6 Kg8 44. Bxc6 g5 45. Be4 Ne6 46. Rc2 Ra1 47. c6 Nc7 48. Rd2 1-0